Najpodstatnejšie zmeny v dani z motorových vozidiel vyplývajúce z novely zákona od 1. januára 2013

Najpodstatnejšie zmeny v dani z motorových vozidiel vyplývajúce z novely zákona od 1.1.2013.

Salvato in:
Dettagli Bibliografici
Autore principale: Neupauerová, Zuzana
Natura: Capitolo di libro
Lingua:slovacco
Soggetti:
Tags: Aggiungi Tag
Nessun Tag, puoi essere il primo ad aggiungerne!!

MARC

LEADER 00000naa a2200000 4500
001 0169751
005 20240502072935.9
041 0 |a slo 
044 |a SK 
245 1 0 |a Najpodstatnejšie zmeny v dani z motorových vozidiel vyplývajúce z novely zákona od 1. januára 2013  |c Zuzana Neupauerová 
520 |a Najpodstatnejšie zmeny v dani z motorových vozidiel vyplývajúce z novely zákona od 1.1.2013. 
610 2 0 |a dane z vozidiel motorových 
610 2 0 |a legislatíva 
610 2 0 |a novelizácia 
610 2 0 |a daňovníci 
610 2 0 |a oslobodenie od daní 
610 2 0 |a priznania daňové 
610 2 0 |a obdobie zdaňovacie 
100 1 |a Neupauerová, Zuzana